00458nam a22001932 4500001001100000005001700011008004100028020001700069040001500086245005900101260003100160300001800191650004000209852000300249852000300252852000300255852000300258852000300261000002546220151217154547.0150924s xx 000 0 eng d a0195161637 : aKABUcKABU14aThe Future of Imprisonment /cedited by Michael Tonry. aNew York :bO.U.P.,c2004. a viii, 263p. 0aPrisonsxUnited States.@00001861121 1 1 1 1